00257nam a2200109Ia 4500008004100000100001500041245003000056260003000086300000900116942000700125999001500132190216s9999||||xx |||||||||||||| ||und|| aGrewal T S 0aDouble Entry Book-Keeping bCambridge Uty Pressc1980 a456p cBK c4003d4003